ბათუმის შოთა რუსთაველის სახელმწიფო უნივერსიტეტის ბიბლიოთეკა

Строительная механика трубопровода. (ბიბ.ჩანაწერი № 37009)

000 -LEADER
fixed length control field 00601nam a2200205Ia 4500
001 - CONTROL NUMBER
control field 2961
003 - CONTROL NUMBER IDENTIFIER
control field GE_BSU
008 - FIXED-LENGTH DATA ELEMENTS--GENERAL INFORMATION
fixed length control field 181216s||||||||xx |||||||||||||| ||und||
040 ## - CATALOGING SOURCE
Transcribing agency GE_BSU
080 ## - UNIVERSAL DECIMAL CLASSIFICATION NUMBER
Universal Decimal Classification number 621.64+531
100 ## - MAIN ENTRY--PERSONAL NAME
Personal name Тартаковский,Г.А.
245 ## - TITLE STATEMENT
Title Строительная механика трубопровода.
245 ## - TITLE STATEMENT
Statement of responsibility, etc. Вед. ред. Г.В.Растова.
260 ## - PUBLICATION, DISTRIBUTION, ETC.
Place of publication, distribution, etc. М.
260 ## - PUBLICATION, DISTRIBUTION, ETC.
Name of publisher, distributor, etc. Недра.
260 ## - PUBLICATION, DISTRIBUTION, ETC.
Date of publication, distribution, etc. 1967.
300 ## - PHYSICAL DESCRIPTION
Extent 312 стр. с илл. 21 см.
653 ## - INDEX TERM--UNCONTROLLED
Uncontrolled term Строительная механика трубопровода.
942 ## - ADDED ENTRY ELEMENTS (KOHA)
Koha item type წიგნი
ეგზემპლარები
Withdrawn status Lost status Damaged status Not for loan Date acquired Barcode Date last seen Price effective from Koha item type
        2018-12-17 9380 2018-12-17 2018-12-17 წიგნი